00518 2200193 4500001002100000005001500021035002000036245006700056100003200123250000600155300003600161260003300197082001200230084001800242020001800260650001200278990001700290990001700307INLIS00000000000121520190518012925 a0010-05190001061 aNarkoba :bPerlukah Mengenalnya /cIda Listyarini Handoyo, S.S0 aIda Listyarini Handoyo, S.S a- axii, 68 hlm. :bilus. ;c25 cm. aBandung :bPakar Raya,c2010 a362.293 a362.293 IDA n a979-534-224-x aNarkoba a04364/H/2018 a04396/H/2018